LEADER 01134nam0 2200277 450 001 000004273 005 20050630120100.0 010 $a88-85370-45-4 100 $a--------d1995----km-y0itay50------ba 101 $aita 102 $aIT 200 1 $a<>impatto ambientale delle attivitą di esplorazione e sfruttamento dei fondali marini internazionali$fa cura di Maria Clelia Ciciriello 210 $aNapoli$cEditoriale scientifica$d1995c 215 $aXVIII, 393 p.$d24 cm 225 2 $aStudi e documenti di diritto internazionale e comunitario$v10 307 $aSegue : Appendice delle fonti 410 0$12001$aStudi e documenti di diritto internazionale e comunitario 610 1 $aAcque marine$aInquinamento$aDiritto internazionale 610 1 $aFondo marino$aTutela$aDiritto internazionale 676 $a341.76253 701 1$aCiciriello,$bMaria Clelia$0232087 801 0$aIT $bUNIPARTHENOPE $gRICA $2UNIMARC 912 $a000004273 951 $cNAVA1$a341-I/4$b35557$d20021029 996 $aImpatto ambientale delle attivitą di esplorazione e sfruttamento dei fondali marini internazionali$91205799 997 $aUNIPARTHENOPE LEADER 01145nam0 22002891i 450 001 UON00200307 005 20231205103250.594 010 $a88-8107-017-0 100 $a20030730d1995 |0itac50 ba 101 $aita 102 $aIT 105 $a|||| ||||| 200 1 $aDidattica di lingue affini$espagnolo e italiano$fMaria Vittoria Calvi 210 $aMilano$cGuerini Scientifica$d1995 215 $a249 p.$d21 cm. 606 $aLINGUA SPAGNOLA E LINGUA ITALIANA$xInsegnamento$3UONC041704$2FI 606 $aLINGUA ITALIANA E LINGUA SPAGNOLA$xInsegnamento$3UONC041705$2FI 620 $aIT$dMilano$3UONL000005 676 $a407$cLinguaggio. Studio e insegnamento$v21 700 1$aCALVI$bMaria Vittoria$3UONV111529$0174000 712 $aGuerini scientifica$3UONV267037$4650 801 $aIT$bSOL$c20240220$gRICA 899 $aSIBA - SISTEMA BIBLIOTECARIO DI ATENEO$2UONSI 912 $aUON00200307 950 $aSIBA - SISTEMA BIBLIOTECARIO DI ATENEO$dSI TED 14 b CAL 01 $eSI LO 60311 5 01 996 $aDidattica di lingue affini$91255074 997 $aUNIOR